| 000 | 00542 a2200205 4500 | ||
|---|---|---|---|
| 005 | 20260407124620.0 | ||
| 008 | 260407b |||||||| |||| 00| 0 eng d | ||
| 020 |
_a9781913229412 _c£ 85.00 |
||
| 040 | _aMAIN | ||
| 082 |
_a616.042 _bJ596D |
||
| 100 | _aJohal, Sofia | ||
| 245 | _aDNA damage and repair: Methods and applications | ||
| 260 |
_bWestbury Publishing _c2020 _aEngland |
||
| 300 | _aviii, 262 | ||
| 650 | _aDNA- Genomics | ||
| 650 | _aDNA Damage | ||
| 650 | _aMolecular Biology | ||
| 700 | _aCharlie, John | ||
| 942 | _cBK | ||
| 999 |
_c396767 _d396767 |
||